Recruiting immigrant workers: the Netherlands 2016

Guardado en:
Detalles Bibliográficos
Formato: Libro
Lenguaje:inglés
Publicado: Paris OECD 2016
Colección:Recruiting immigrant workers
Materias:
Etiquetas: Agregar Etiqueta
Sin Etiquetas, Sea el primero en etiquetar este registro!

MARC

LEADER 00000nam a2200000 4500
001 0227855
005 20240314123432.7
020 |a 978-92-64-25923-2 
041 0 |a eng 
044 |a FR 
245 1 0 |a Recruiting immigrant workers: the Netherlands 2016 
264 1 |a Paris  |b OECD  |c 2016 
300 |a 231 s. 
490 1 |a Recruiting immigrant workers 
830 0 |a Recruiting immigrant workers 
610 2 0 |a trh práce 
610 2 0 |a politika migračná 
610 2 0 |a demografia 
610 2 0 |a sily pracovné 
610 2 0 |a migrácia 
610 2 0 |a študenti zahraniční 
610 2 0 |a zručnosti 
610 2 0 |a Holandsko